Able underachievers / (Record no. 347954)
[ view plain ]
| 000 -LEADER | |
|---|---|
| fixed length control field | 01499 a2200181 4500 |
| 020 ## - INTERNATIONAL STANDARD BOOK NUMBER | |
| International Standard Book Number | 1861561938 (paperback) |
| 020 ## - INTERNATIONAL STANDARD BOOK NUMBER | |
| International Standard Book Number | 9781861561930 (paperback) |
| 082 04 - DEWEY DECIMAL CLASSIFICATION NUMBER | |
| Classification number | 371.2800941 |
| 090 ## - LOCALLY ASSIGNED LC-TYPE CALL NUMBER (OCLC); LOCAL CALL NUMBER (RLIN) | |
| -- | 5550 |
| -- | 5550 |
| 100 1# - MAIN ENTRY--PERSONAL NAME | |
| Personal name | Montgomery, Diane. |
| 245 10 - TITLE STATEMENT | |
| Title | Able underachievers / |
| Statement of responsibility, etc. | Diane Montgomery. |
| 250 ## - EDITION STATEMENT | |
| Edition statement | 1st ed. |
| 260 ## - PUBLICATION, DISTRIBUTION, ETC. | |
| Place of publication, distribution, etc. | [S.l.] : |
| Name of publisher, distributor, etc. | Wiley, |
| Date of publication, distribution, etc. | 2000. |
| 300 ## - PHYSICAL DESCRIPTION | |
| Extent | 180 p. ; |
| Dimensions | 24 cm. |
| 520 ## - SUMMARY, ETC. | |
| Summary, etc. | Since the introduction of mass schooling educationalists have been concerned that large numbers of able children have underfunctioned. The introduction of grammar school education in 1944 for the top twenty- percent did not overcome this problem. Equally comprehensive education did not resolve it and once again there is pressure to return to selection and 'acceleration'. This book suggests a 'third way'. Whatever the structure used it advocates that the current curriculum needs to be taught differently so also to include all learners and to 'engage their brains' with the curriculum content. Evidence of what is needed and what works with able underachievers, the disaffected and low attainers from a wide range of backgrounds lies in the pedagogy used. It concludes that teaching and learning methods need to be modified to become learning oriented and learner centered rather than subject oriented and teacher centered. Education then will have come to age. |
| 856 40 - ELECTRONIC LOCATION AND ACCESS | |
| Materials specified | Amazon.com |
| Uniform Resource Identifier | <a href="http://www.amazon.com/exec/obidos/ASIN/1861561938/chopaconline-20">http://www.amazon.com/exec/obidos/ASIN/1861561938/chopaconline-20</a> |
| 942 ## - ADDED ENTRY ELEMENTS (KOHA) | |
| Institution code [OBSOLETE] | NBS |
| Koha item type | Book |
| Call number prefix | 371.2800941 MON |
| Withdrawn status | Lost status | Damaged status | Not for loan | Permanent Location | Current Location | Date acquired | Total Checkouts | Full call number | Barcode | Date last seen | Date last checked out | Price effective from | Koha item type |
|---|---|---|---|---|---|---|---|---|---|---|---|---|---|
| Central Library (CL) | Central Library (CL) | 08/28/2013 | 1 | 371.2800941 MON | NBS7692 | 11/23/2017 | 08/23/2017 | 08/28/2013 | Book |
